Регионална библиотека "Любен Каравелов" - Русе

Лутанията на възпитаника Тьорлес (Запис номер 206567)

MARC детайли
000 -Лидер
Контролно поле с фиксирана дължина 01189nam a2200289 c 4500
003 - Код на организацията, давaща контролен номер
Контролно поле BLK
005 - Дата и час на последна редакция
Контролно поле 20230407162011.0
008 - Елементи от данни с фиксирана дължина
fixed length control field 180411b bul|||||r ||||||| ||bul||
010 ## - Наследен системен номер
LC control number KNG00216317000
040 ## - Източник на каталожния запис
Идентификатор на билиотеката - собственик на записа BLK
041 ## - Код за език
Код за езика на текст/звукозапис или на отделно заглавие Български
Код за езика КДБФ Български
080 ## - УДК
Текстов определител УДК Австрийска литература
УДК код - определител по УДК 821.112(436)
УДК определител -31
УДК - код + определител 821.112(436)-31
100 1# - Редна дума - Автор
Автор Музил, Роберт
Авторска отговорност първи автор
R(LIN) 99467
139 ## - Редно поле
Редна дума Лутанията на възпитаника Тьорлес : Лутанията на възпитаника Тьорлес
Авторски знак Лут - Л 89
245 10 - Сведения за заглавието
Заглавие Лутанията на възпитаника Тьорлес
Подзаглавни данни Роман
Редно поле (дума) Роберт Музил; прев. от нем. Надя Фурнаджиева.
257 ## - Страна на издаване
Страна на създаване/издаване Австрия
260 ## - Област на издателските данни
Място на издаване, разпространение и проч. Пловдив
Име на издателя, разпространителя и проч. Христо Г. Данов
Година на издаване 1983
300 ## - Физическа характеристика
Страници 208 с.
Размери/Мащаб 20 см
380 ## - Жанр
Жанр Худож. лит.
500 ## - Общи забележки
Забележка Ориг. загл. Die Verwirrungen des Zoglings Toriess / Robert Musil.
700 1# - Други автори (авторска отговорност)
Лично име Фурнаджиева, Надя
Автороска отговорност (Описва отношението между автора и произведението) прев. от нем.
9 (RLIN) 386727
852 ## - Местоположение
Форматна сигнатура Цб 121765
856 4# - Електронен адрес и достъп
Електронен формат pdf - файл
Инструкция (цена за достъп) 0.00
Права за достъп disable
856 4# - Електронен адрес и достъп
Електронен формат pdf - файл
Инструкция (цена за достъп) 0.00
Права за достъп disable
999 ## - СИСТЕМНИ КОНТРОЛНИ НОМЕРА
Koha biblionumber 206567
Koha biblioitemnumber 206567
942 ## - АРТИКУЛИ
Вид на библиотечния материал Книги
Скрит в OPAC Не
Периодичен библиозапис Да
944 ## - СЪЗДАВАНЕ И РЕДАКЦИЯ на ЗАПИСА
Създаване/Редакция Създаване
Дата на регистрацията/редакция 23.02.2018
Служител, извършил регистрацията/редакцията Кети_Илиева
944 ## - СЪЗДАВАНЕ И РЕДАКЦИЯ на ЗАПИСА
Създаване/Редакция Редакция
Дата на регистрацията/редакция 23.02.2018
Служител, извършил регистрацията/редакцията Кети_Илиева
999 ## - СИСТЕМНИ КОНТРОЛНИ НОМЕРА
Koha biblioitemnumber 206567
Наличности
Код за отписване Код за изгубен артикул Източник на класификационната схема Код за повреда Коз за рестрикции Код за отдаване Артикулен № Име на библиотеката - собственик Име на библиотеката, в която се намира в момента Статус (Текущо местоположение) Дата на вписване в системата Местоположение - отдел Цена в лева Инвентарен номер Систематично азбучна сигнатура Баркод Номер на екземпляра Цена в евро Служебна бележка Служебен тип на артикула
  Не е изгубен Universal Decimal Classification Не е повреден без рестрикции ползва се в читалня 355683 Регионална библиотека "Любен Каравелов" Русе Регионална библиотека "Любен Каравелов" Русе Хранилище 1983-01-01 Хранилище 1.42 378301 Цб 121765 120000378301 1 0.73 Вид: Сф Дата: 01.01.1983 Книги
Изтеглен Не е изгубен Universal Decimal Classification Не е повреден без рестрикции заемане за дома 355684 Регионална библиотека "Любен Каравелов" Русе Регионална библиотека "Любен Каравелов" Русе Заемна - подръчен фонд 1983-01-01 Заемна - подръчен фонд 1.42 382938 П 830(436)/Л 89 382938 2 0.73 Вид: Сф Дата: 01.01.1983 Дата инв: 23.02.2018 Бележки инв: П2018 Книги
Изтеглен Не е изгубен Universal Decimal Classification Не е повреден без рестрикции заемане за дома 355685 Регионална библиотека "Любен Каравелов" Русе Регионална библиотека "Любен Каравелов" Русе Заемна - подръчен фонд 1983-01-01 Заемна - подръчен фонд 1.42 382943 П 830(436)/Л 89 382943 3 0.73 Вид: Сф Дата: 01.01.1983 Книги
Vip Innovations Ltd, Rousse, Bulgaria 2025